Diario de un cura rural /

Guardado en:
Detalles Bibliográficos
Autor principal: Bernanos, Georges (autor)
Otros autores: Malraux, André (prólogo) (prólogo)
Formato: Libro
Idioma:Español
Publicado: Barcelona, España : Orbis, 1985, c1984
Etiquetas: Agrega una etiqueta
Sin etiquetas, Sé el primero en etiquetar este registro!

MARC

LEADER 00000nam^a2200000^a^4500
001 000621190
005 20250924000000.0
009 20260310133854.177
020 |a 84-7530-841-4 
037 |a Acervo ITESO - Biblioteca 
041 |a ESP 
091 |a FOB. 01824 
100 |a Bernanos, Georges  |e (autor) 
245 1 0 |a Diario de un cura rural / 
264 4 |a Barcelona, España :  |b Orbis,  |c 1985, c1984 
300 |a 228 p. 
336 |a texto  |b txt  |2 rdacontenido 
337 |a sin mediación  |b n  |2 rdamedio 
338 |a volumen  |b nc  |2 rdasoporte 
649 |a XX 
700 |a Malraux, André  |e (prólogo) 
910 |a Fondo Carlos de Obeso Orendain 
920 |a Impresos - Libros 
930 |a Fondos Especiales 
940 |a Literatura 
905 |a 147 
901 |a 621190-10  |b IT2  |c ESP  |i D  |u 20250924 
902 |a https://opac.biblio.iteso.mx/vufind/Record/000621190